banner-ar

الحياة الاجتماعية فى غرناطة فى عصر دولة بن الاحمر 635-897 هـ \ 1238-1492 م / (Record no. 8237)

MARC details
000 -الفاتح
حقل البيانات ثابتة الطول 00829nam a2200205Ia 4500
008 - عناصر البيانات ثابتة الطول - معلومات عامة
حقل البيانات ثابتة الطول 140319s9999 xx 000 0 ara d
040 ## - مصدر الفهرسة
وكالة الفهرسة الأصلية GCL /
وكالة النسخ GCL
082 04 - رقم تصنيف ديوى العشرى
رقم التصنيف 953.0716
رقم المادة أ ح
100 1# - المدخل الرئيسى - إسم شخصى
الإسم الشخصى احمد ثانى الدوسرى
245 10 - بيان العنوان
العنوان الحياة الاجتماعية فى غرناطة فى عصر دولة بن الاحمر 635-897 هـ \ 1238-1492 م /
بيان المسئوليه,etc احمد ثانى الدوسرى
700 1# - المدخل الاضافى - اسم شخصى
الإسم الشخصى عبدالهادى التازى
260 ## - PUBLICATION, DISTRIBUTION, ETC. (IMPRINT)
تاريخ النشر أو التوزيع 2004
300 ## - الوصف المادى
التعداد 401 ص ؛
أبعاد الوعاء 24 سم
650 04 - المدخل الاضافى بالموضوع-مصطلح موضوعى
مصطلح موضوعي مملكة غرناطة
650 04 - المدخل الاضافى بالموضوع-مصطلح موضوعى
مصطلح موضوعي غرناطة - تاريخ - عصر بن الاحمر
650 04 - المدخل الاضافى بالموضوع-مصطلح موضوعى
مصطلح موضوعي غرناطة - الاحوال الاجتماعية
650 04 - المدخل الاضافى بالموضوع-مصطلح موضوعى
مصطلح موضوعي غرناطة - الاحوال الاقتصادية
942 ## - عناصر المدخل الإضافي( كوها)
مصدر التصنيف او مخطط الترفيف Dewey Decimal Classification
Koha [default] item type كتاب
260 ## - PUBLICATION, DISTRIBUTION, ETC. (IMPRINT)
-- الامارات :
-- المجمع الثقافى ،
Holdings
حالة التراجع حالة الفقد حالة تلف ليس للاعارة المكان المؤقت الموقع الحالى تاريخ الاكتساب اجمالي اﻻعارات رقم الطلب الباركود تاريخ اخر مشاهدة تاريخ تفعيل السعر نوع وعاء كوها
        مكتبة القاهرة الكبرى مكتبة القاهرة الكبرى 03/26/2014   953.0716\أ ح 17107 03/26/2014 03/26/2014 كتاب
        مكتبة القاهرة الكبرى مكتبة القاهرة الكبرى 03/26/2014   953.0716\أ ح 17108 03/26/2014 03/26/2014 كتاب

Powered By

EGPV